[Event "St Louis Spring B"]
[Site "Saint Louis USA"]
[Date "2019.03.10"]
[Round "9.3"]
[White "Mista, Aleksander"]
[Black "Kaidanov, Gregory"]
[Result "1-0"]
[WhiteTitle "GM"]
[BlackTitle "GM"]
[WhiteElo "2592"]
[BlackElo "2540"]
[WhiteFideId "1110381"]
[BlackFideId "2008564"]
[EventDate "2019.03.02"]

1. e4 e5 2. Nf3 Nc6 3. Bb5 a6 4. Ba4 Nf6 5. O-O Nxe4 6. d4 b5 7. Bb3 d5 8. dxe5
Be6 9. c3 Bc5 10. Qd3 Ne7 11. Nbd2 Bf5 12. Qe2 O-O 13. Nd4 Bg6 14. Nxe4 Bxe4 15.
Bg5 Re8 16. Rad1 Qd7 17. e6 fxe6 18. Qxe4 dxe4 19. Bxe6+ Qxe6 20. Nxe6 Bd6 21.
Rfe1 h6 22. Bc1 Kf7 23. Rxe4 Ng8 24. Rde1 Nf6 25. R4e2 Ng4 26. h3 Ne5 27. Nd4
Nd3 28. Rd1 Nxc1 29. Rxc1 c5 30. Rxe8 Rxe8 31. Nf3 Re2 32. Rd1 Ke6 33. Re1 Rxe1+
34. Nxe1 Kd5 35. Kf1 Kc4 36. Ke2 b4 37. Nc2 bxc3 38. b3+ Kd5 39. Kd3 Be5 40.
Ne3+ Ke6 41. Nd1 Bd4 42. f3 c2 43. Kxc2 Kf5 44. g3 h5 45. h4 Bg1 46. Kd3 Ke5 47.
Ne3 Bf2 48. f4+ Ke6 49. Nf1 Kd5 50. Ke2 Bd4 51. Nd2 Bc3 52. Nb1 Bd4 53. Kd3 Ke6
54. Ke4 g6 55. Nd2 Bf2 56. Kf3 Be1 57. Nc4 Kf5 58. Ne5 Bc3 59. g4+ hxg4+ 60.
Nxg4 Be1 61. Ne3+ Ke6 62. Kg4 Kf6 63. Nd5+ Kf7 64. Nb6 Bf2 65. Kg5 Ke6 66. Nc4
Kd5 67. Ne5 Bd4 68. Nxg6 c4 69. bxc4+ Kxc4 70. h5 Kb4 71. h6 1-0

[Event "St Louis Spring B"]
[Site "Saint Louis USA"]
[Date "2019.03.10"]
[Round "9.4"]
[White "Kadric, Denis"]
[Black "Baryshpolets, Andrey"]
[Result "1-0"]
[WhiteTitle "GM"]
[BlackTitle "GM"]
[WhiteElo "2547"]
[BlackElo "2589"]
[WhiteFideId "14403803"]
[BlackFideId "14117207"]
[EventDate "2019.03.02"]

1. e4 e6 2. d4 d5 3. Nc3 Nf6 4. e5 Nfd7 5. Nce2 c5 6. c3 Nc6 7. Nf3 Qa5 8. Bf4
a6 9. Qd2 Nb6 10. b3 Nd7 11. dxc5 Bxc5 12. Ned4 Nxd4 13. Nxd4 Qc7 14. Qe3 Ba7
15. Be2 Bb8 16. Bg3 Nxe5 17. O-O-O O-O 18. Rhe1 f6 19. f4 Nf7 20. Nxe6 Bxe6 21.
Qxe6 Qxc3+ 22. Kb1 Ba7 23. Rc1 Qa5 24. Bf3 Rad8 25. f5 Bd4 26. Bc7 Qa3 27. Rc2
Rc8 28. Bd6 Qxd6 29. Rxc8 Qxe6 30. Rxf8+ Kxf8 31. Rxe6 Ng5 32. Rd6 Nxf3 33. gxf3
Be5 34. Rxd5 Bxh2 35. Rd8+ Ke7 36. Rh8 h6 37. Kc2 a5 38. Kd3 b6 39. Ke4 Kf7 40.
f4 Bg1 41. Rb8 Bc5 42. Kf3 g5 43. fxg6+ Kxg6 44. Ke4 h5 45. Rg8+ Kf7 46. Rg2 Ke6
47. f5+ Kd6 48. Rg6 Ke7 49. Rh6 Bb4 50. Kd5 1-0

[Event "St Louis Spring B"]
[Site "Saint Louis USA"]
[Date "2019.03.10"]
[Round "9.5"]
[White "Chirila, Ioan-Cristian"]
[Black "Bai, Jinshi"]
[Result "1-0"]
[WhiteTitle "GM"]
[BlackTitle "GM"]
[WhiteElo "2566"]
[BlackElo "2593"]
[WhiteFideId "1211668"]
[BlackFideId "8602280"]
[EventDate "2019.03.02"]

1. d4 d5 2. c4 c6 3. cxd5 cxd5 4. Bf4 Nc6 5. e3 Nf6 6. Nc3 Bf5 7. Qb3 Na5 8.
Qa4+ Bd7 9. Qc2 e6 10. Bd3 Be7 11. h3 Rc8 12. Nf3 b5 13. a3 O-O 14. O-O a6 15.
Ne5 h6 16. Qe2 Qb6 17. g4 Be8 18. g5 hxg5 19. Bxg5 Qd8 20. Kh1 Nd7 21. Nxd7 Qxd7
22. Rg1 f5 23. Rg3 Bxg5 24. Rxg5 Rc7 25. Rag1 Qd6 26. Qf3 Nc4 27. Ne2 Nxb2 28.
Nf4 Nxd3 29. Nxd3 Rf6 30. Nf4 Rh6 31. Qg3 Qe7 32. Kh2 a5 33. Nd3 Rh5 34. Rxh5
Bxh5 35. Nf4 Be8 36. Nxe6 Rc6 37. Qxg7+ Qxg7 38. Rxg7+ Kh8 39. Re7 Bh5 40. Kg3
b4 41. axb4 axb4 42. Kh4 Bd1 43. Kg5 Rb6 44. Nf4 Kg8 45. Ng6 1-0